A kakas és a pipe

Bibliographic Details
Main Author: Illyés, Gyula, 1902-1983 (Author)
Format: Article
Language:Hungarian
Slovak
PhysicalDescription:Obr.
Subjects:

MARC

LEADER 00000nab a2200000 ar4500
001 vtls008306271
003 SK-MaSNL
005 20260303073448.0
008 160314c2005 xo |||||||| 000 b|hun
015 |a SNBRB2005/09  |2 snkbucl 
038 |a SNKBUCL 
040 |a DSZK  |b slo  |c DSZK  |e AACR2 
041 0 |a slo 
044 |a xo  |c SK 
080 |a 821.511.141-93=511.141  |2 UDC-MRF-SK2 
080 |a 821.511.141-34(0.053.2)=511.141  |2 UDC-MRF-SK2 
080 |a 398.2(=511.141)  |2 UDC-MRF-SK2 
100 1 |a Illyés, Gyula,  |d 1902-1983  |4 aut  |9 214943 
245 1 0 |a A kakas és a pipe  |c feldolgozta Illyés Gyula 
300 |b Obr. 
650 0 7 |a ľudové rozprávky, maďarské  |2 snkbucl  |9 1034255 
773 0 |t Vasárnap  |g Évf. 38, sz. 36 (2005), o. 41 
852 |a SNK  |b KIS3GCP 
852 |a DSZK  |b KIS3GCP 
958 |a HU 
958 |a LX 
958 |a DB 
999 |c 1767773  |d 1769703